Complete poetry and selected prose

Gespeichert in:
Bibliographische Detailangaben
1. Verfasser: Milton, John
Format: Buch
Sprache:Undetermined
Veröffentlicht: New York, Estados Unidos The Modern Library [s.f.]
Schlagworte:
Tags: Tag hinzufügen
Keine Tags, Fügen Sie den ersten Tag hinzu!

MARC

LEADER 00000nam a2200000Ia 4500
008 170316s9999 xx 000 0 und d
040 |a cru BVZT 
090 |a 820 M-19c 
100 |a Milton, John 
245 |a Complete poetry and selected prose 
260 |a New York, Estados Unidos 
260 |b The Modern Library 
260 |c [s.f.] 
300 |a 756 páginas 
650 |a LITERATURA INGLESA 
999 |c 7010  |d 7010 
942 |c 15 D  |h 820 M-19c  |2 z